LEADER 02186nam a2200445 a 4500 001 000000080023 003 CaOOAMICUS 005 20131003102804.0 008 040622s1981 enk u000 u eng r 020 $z0631133097 (v.2)* 020 $a0-631-12942-1 (v. 3) 020 $a0-631-12922-7 (v. 1) 035 $a11001252 040 $aPUL$bita 082 04$a192 100 1 $aAnscombe, G.E.M.$0(OLS)http://pul/name/44568 245 14$aThe collected philosophical papers of G. E. M. Anscombe /$cG. E. M. Anscombe. 260 $aOxford :$bBlackwell,$c1981. 300 $a3 v. ;$c23 cm. 500 $aContiene indici. 505 1 $aV. 1. From Parmenides to Wittgenstein -- v. 2. Metaphysics and the philosophy of mind -- v. 3. Ethics, religion, and politics. 650 4$aMetafisica$ySec. XX.$0(OLS)http://pul/subject/8481 740 02$aEthics, religion, and politics. 740 02$aMetaphysics and the philosophy of mind. 740 02$aFrom Parmenides to Wittgenstein. 850 $aPUL 852 $aPUL$W1$xSL Filosofia 3$y81$m192 ANSGE 1.1$j102269$av.1$qDDC 21$B147401$CPULBib$Z2$F147401 $H117245 $82 852 $aPUL$W1$xSL Filosofia 3$y81$m192 ANSGE 1.2$j156379$nBK-PRI$av.2$qDDC 21$B102269$CPULBib$Z2$F102269 $H95454 $82 852 $aPUL$W1$xSL Filosofia 3$y81$m192 ANSGE 1.3$j156380$av.3$qDDC 21$B143940$CPULBib$Z2$F143940 $H117520 $82 941 1 $a9 996 $6020$z0631133097 (v.2)*$9(OLS)http://pul/number/105568 996 $6020$a0-631-12942-1 (v. 3)$9(OLS)http://pul/number/147576 996 $6020$a0-631-12922-7 (v. 1)$9(OLS)http://pul/number/149500 996 $6082$a192$9(OLS)http://pul/classification/525 996 $6245$aThe collected philosophical papers of G. E. M. Anscombe$9(OLS)http://pul/title/104830 996 $6740$aEthics, religion, and politics$9(OLS)http://pul/title/158765 996 $6740$aMetaphysics and the philosophy of mind$9(OLS)http://pul/title/158766 996 $6740$aFrom Parmenides to Wittgenstein$9(OLS)http://pul/title/158767 996 $6260$aOxford :$bBlackwell$9(OLS)http://pul/publisher/48259 LEADER 01014nam a2200265 a 4500 001 000000144763 003 CaOOAMICUS 005 20150709143329.0 008 150709s2011 it a u000 u ita r 020 $a978-88-903559-4-3 040 $aPUL$bita 100 1 $aFerrara, Christopher A.$0(OLS)http://pul/name/92802 245 13$aIl segreto ancora nascosto /$cdi Christopher A. Ferrara. 250 $a2. ed. 260 $aRoma :$bAssociazione Madonna di Fatima,$cİ2011. 300 $a342 p. ;$c23 cm 504 $aBibliografia p. [340]-342. 651 4$aFatima.$0(OLS)http://pul/subject/29261 850 $aPUL 852 $aPUL$W1$xDP1 Fondo S. Lanza$y121$m3 J 45$j167145$qFondi$B167729$CPULBib$Z2$F167729 $HLan1376 $82 941 1 $a1 996 $6020$a978-88-903559-4-3$9(OLS)http://pul/number/158276 996 $6245$aIl segreto ancora nascosto$9(OLS)http://pul/title/183117 996 $6260$aRoma :$bAssociazione Madonna di Fatima$9(OLS)http://pul/publisher/83587